Beyond the shadow of a doubt (Record no. 72088)
[ view plain ]
| 000 -LEADER | |
|---|---|
| fixed length control field | 01130cam a2200253 4500 |
| 001 - CONTROL NUMBER | |
| control field | ABS66360 |
| 008 - FIXED-LENGTH DATA ELEMENTS--GENERAL INFORMATION | |
| fixed length control field | 030207n2003 000 0 eng u |
| 035 ## - SYSTEM CONTROL NUMBER | |
| System control number | (Sirsi) u121298 |
| 100 ## - MAIN ENTRY--PERSONAL NAME | |
| Personal name | McClea, N. |
| 245 ## - TITLE STATEMENT | |
| Title | Beyond the shadow of a doubt |
| 260 ## - PUBLICATION, DISTRIBUTION, ETC. | |
| Date of publication, distribution, etc. | 2003 |
| 490 ## - SERIES STATEMENT | |
| Series statement | Estates Gazette |
| Volume/sequential designation | (0302) 11 January 2003, 98-100(3) |
| 520 ## - SUMMARY, ETC. | |
| Summary, etc. | Suggests that Active Estates Ltd v Parness and another" (ChD Abs65961) highlights defects in current practice in drafting guarantee provisions in leases concerning disclaimers and forfeiture. Discusses "Hindcastle Ltd v Barbara Attenborough Associates Ltd" (HL Abs54763) the leading authority on disclaimers of leases. Reviews the position on forfeiture, surrender of leases and what happens when the tenant ceases to exist as a legal entity. |
| 590 ## - LOCAL NOTE (RLIN) | |
| Local note | ABS |
| 650 ## - SUBJECT ADDED ENTRY--TOPICAL TERM | |
| Topical term or geographic name entry element | ACTIVE ESTATES LTD V PARNESS AND ANOTHER |
| 650 ## - SUBJECT ADDED ENTRY--TOPICAL TERM | |
| Topical term or geographic name entry element | STANDARD LEASES |
| 650 ## - SUBJECT ADDED ENTRY--TOPICAL TERM | |
| Topical term or geographic name entry element | GUARANTEES |
| 650 ## - SUBJECT ADDED ENTRY--TOPICAL TERM | |
| Topical term or geographic name entry element | DISCLAIMERS |
| 650 ## - SUBJECT ADDED ENTRY--TOPICAL TERM | |
| Topical term or geographic name entry element | FORFEITURE |
| 650 ## - SUBJECT ADDED ENTRY--TOPICAL TERM | |
| Topical term or geographic name entry element | HINDCASTLE LTD V BARBARA ATTENBOROUGH ASSOCIATES LTD |
| 690 ## - LOCAL SUBJECT ADDED ENTRY--TOPICAL TERM (OCLC, RLIN) | |
| Topical term or geographic name as entry element | PROPERTY-LANDLORD AND TENANT |
| 700 ## - ADDED ENTRY--PERSONAL NAME | |
| Personal name | Martin, J. |
| 942 ## - ADDED ENTRY ELEMENTS (KOHA) | |
| Suppress in OPAC | 0 |
| Withdrawn status | Lost status | Source of classification or shelving scheme | Damaged status | Not for loan | Home library | Current library | Shelving location | Date acquired | Total Checkouts | Full call number | Barcode | Date last seen | Copy number | Price effective from | Koha item type |
|---|---|---|---|---|---|---|---|---|---|---|---|---|---|---|---|
| Dewey Decimal Classification | London | London | Journal article | 07/02/2003 | ABS66360 | 121298-1001 | 06/08/2019 | 1 | 06/08/2019 | Journal article |